000 01000cam a2200277 a 4500
001 12846203
003 OSt
005 20240724101517.0
008 020201s2002 stka b 001 0 eng
010 _a 2002416318
015 _aGBA2-11237
020 _a1474428972
035 _a(OCoLC)ocm48930296
040 _aUKM
_cUKM
_dDLC
050 0 0 _aPE1171
_b.C37 2018
100 1 _aCarstairs-McCarthy, Andrew,
_d1945-
245 1 3 _aAn introduction to English morphology :
_bwords and their structure /
_cAndrew Carstairs-McCarthy.
260 _aEdinburgh :
_bEdinburgh University Press,
_c2018
300 _aviii, 151 p.
440 0 _aEdinburgh textbooks on the English language
504 _aIncludes bibliographical references (p. 148-149) and index.
650 0 _aEnglish language
_xMorphology.
906 _a7
_bcbc
_ccopycat
_d2
_encip
_f20
_gy-gencatlg
942 _2lcc
_cBK
999 _c20499
_d20498